000 01031cam a22002774a 4500
999 _c128921
_d128921
001 14970196
003 ARRUPE
005 20190208121547.0
008 070817s2007 rh a bc 000 0 eng
010 _a 2007381041
020 _a9781779220653
040 _aDLC
_cDLC
042 _alcode
043 _af-rh---
050 0 0 _aSPC. GN865.Z55
_bC75 2007
100 1 _aCripps, Lionel,
_d1863-1950.
_944449
245 1 0 _aImmortalizing the past :
_breproductions of Zimbabwean rock art by Lionel Cripps /
_ccompiled and introduced by Ancila Nhamo.
260 _aHarare :
_bWeaver Press,
_c2007.
300 _av, 179 p. :
_bchiefly col. ill. ;
_c22 cm.
504 _aIncludes bibliographical references (p. 179).
600 1 0 _aCripps, Lionel,
_d1863-1950
_vCatalogs.
_944450
650 0 _aRock paintings
_zZimbabwe
_xCopying.
_944451
700 1 _aNhamo, Ancila.
_914785
_eed.
906 _a7
_bcbc
_corigode
_d3
_encip
_f20
_gy-gencatlg
942 _2lcc
_cSPC